000 00664nam a2200229 a 4500
001 BRL_1175
005 20190320211052.0
008 211113s1958----mx-a######---#000-0#spa-#
041 _aspa
044 _amx
050 4 _aF1219.3
_b.N64 1958
100 1 _aNoguera, Eduardo
_919544
245 1 0 _aTallas prehispánicas en madera
_cpor Eduardo Noguera.
260 _aMéxico, D.F.
_bGuarania
_c1958
300 _a80 p.
_bil., 29 láminas
_c24 cm.
500 _aAu1345
504 _aBibliografía: p. [75]-77
650 1 4 _aIndígenas de México
_xTallado en madera
_926010
650 1 4 _aIndígenas de México
_xAntigüedades
_9509
902 _aGRL
942 _2lcc
_cB
999 _c9987
_d9987